000
00340nam a2200145Ia 4500
999
_c
1157
_d
1157
008
191201s2005 xx 000 0 und d
082
_a
540
_b
MUO
100
_a
Mukherji, S M,
245
0
_a
Organic Chemistry
250
_a
2nd
260
_a
N.Delhi
_b
Newage International Pub
_c
2005
300
_a
457
650
_a
Applied
942
_2
ddc
_c
BK